El Príncipe e Iván El Terrible
Spremljeno u:
| Glavni autor: | |
|---|---|
| Format: | Knjiga |
| Jezik: | španjolski |
| Izdano: |
Madrid
Rodas S. A
1975
|
| Izdanje: | 1a. ed |
| Teme: | |
| Oznake: |
Dodaj oznaku
Bez oznaka, Budi prvi tko označuje ovaj zapis!
|
MARC
| LEADER | 00000cam a2200000 a 4500 | ||
|---|---|---|---|
| 001 | UCD3664 | ||
| 003 | CL-VaPUC | ||
| 008 | 160616e19750000sp |||||||||||||||||spa|d | ||
| 082 | 0 | 4 | |a 891.73 |b TOL |2 21 |
| 100 | 0 | |a Tolstoi, Alexsei |e author |9 587218 | |
| 245 | 1 | 3 | |a El Príncipe e Iván El Terrible |
| 250 | |a 1a. ed | ||
| 300 | |a 388 p | ||
| 942 | |c BK | ||
| 945 | |d 20160616 22:39:00 |a dcastane | ||
| 260 | |a Madrid |b Rodas S. A |c 1975 | ||
| 650 | 0 | |a Novelas rusas |9 316330 | |
| 650 | 0 | |a Literatura rusa |9 318370 | |
| 583 | |a last modification |c 20160616 22:39:00 |k Rodrigo Vera | ||
| 999 | |c 364691 |d 364689 | ||
| 952 | |0 0 |1 0 |3 erb |4 0 |6 891_730000000000000_TOL_1975 |7 0 |8 A |9 478254 |a FDOHBE |b FDOHBE |e Huesbe Llanos, Marco Antonio, 1934- |i 5330920 |o 891.73 TOL 1975 |p 5330920 |r 2024-01-30 |w 2019-11-24 |y BK |z Catalogado en:20160616 |k HBE | ||